When Jesus Rose Early: Studies on the Text and Paratexts of Mark's Ending /
When Jesus Rose Early is the first comprehensive study of the Markan conclusion to utilise the full potential of the digital revolution in manuscript research. You'll explore how scribes addressed the Gospel's ending through centuries, forging vital new textual traditions. With new manuscr...
المؤلف الرئيسي:
التنسيق: كتاب الكتروني
اللغة: English
منشور في:
Leiden ; Boston :
Brill,
2025.
سلاسل:
Biblical Studies, Ancient Near East and Early Christianity E-Books Online, Collection 2025.
New Testament Tools, Studies and Documents ;
68.
الموضوعات:
الوصول للمادة أونلاين: Login to view Source
الوسوم: إضافة وسم
رقم الطلب: BS709.4
| LEADER | 02518nam a22004698i 4500 | ||
|---|---|---|---|
| 001 | BRILL9789004738799 | ||
| 003 | nllekb | ||
| 005 | 20250915080723.0 | ||
| 006 | m d | ||
| 007 | cr un uuuua | ||
| 008 | 250606s2025 gw sb 001 0 eng d | ||
| 020 | |a 9789004738799 |q (electronic book) | ||
| 020 | |z 9789004738768 |q (print) | ||
| 024 | 7 | |a 10.1163/9789004738799 |2 DOI | |
| 035 | |z (OCoLC)1511438037 | ||
| 040 | |a NL-LeKB |c NL-LeKB |e rda | ||
| 041 | |a eng | ||
| 050 | 4 | |a BS709.4 | |
| 072 | 7 | |a HRC |2 bicssc | |
| 072 | 7 | |a REL |x 070000 |2 bisacsh | |
| 082 | 0 | 4 | |a 220.4/2 |2 23 |
| 100 | 1 | |a Monier, Mina, |e author. | |
| 245 | 1 | 0 | |a When Jesus Rose Early: Studies on the Text and Paratexts of Mark's Ending / |c Mina Monier. |
| 264 | 1 | |a Leiden ; |a Boston : |b Brill, |c 2025. | |
| 264 | 4 | |c ©2025 | |
| 300 | |a 1 online resource (196 pages) : |b illustrations. | ||
| 336 | |a text |b txt |2 rdacontent | ||
| 337 | |a computer |b c |2 rdamedia | ||
| 338 | |a online resource |2 rdacarrier | ||
| 490 | 1 | |a Biblical Studies, Ancient Near East and Early Christianity E-Books Online, Collection 2025 | |
| 490 | 1 | |a New Testament Tools, Studies and Documents ; |v 68 | |
| 504 | |a Includes bibliographical references and index. | ||
| 520 | |a When Jesus Rose Early is the first comprehensive study of the Markan conclusion to utilise the full potential of the digital revolution in manuscript research. You'll explore how scribes addressed the Gospel's ending through centuries, forging vital new textual traditions. With new manuscript evidence, this book reveals how manuscript marginalia, paratextual notes, and catena commentaries challenge conventional models and even modern categories like "endings". Unpublished data from ancient manuscripts in a spectrum of languages unlocks fresh perspectives on early Christian thought. By merging groundbreaking research with a multidisciplinary approach, this work enriches New Testament Textual Criticism, biblical studies, and patristics. | ||
| 546 | |a English | ||
| 588 | |a Description based on print version record. | ||
| 630 | 0 | 0 | |a Biblical Studies. |
| 776 | 0 | 8 | |i Print version: |t When Jesus Rose Early: Studies on the Text and Paratexts of Mark's Ending. |d Leiden ; Boston : Brill, 2025. |z 9789004738768 |
| 830 | 0 | |a Biblical Studies, Ancient Near East and Early Christianity E-Books Online, Collection 2025. | |
| 830 | 0 | |a New Testament Tools, Studies and Documents ; |v 68. | |
| 856 | 4 | |z DOI: |u http://dx.doi.org/10.1163/9789004738799 | |
| 942 | |2 lcc |c EBOOK | ||
| 999 | |c 61149 |d 61149 | ||
